Smaple size for estimation of girth in immature rubber holdings (Record no. 68779)

MARC details
000 -LEADER
fixed length control field 01331nam a2200205Ia 4500
100 ## - MAIN ENTRY--AUTHOR NAME
Personal name Wijesuriya W
245 #0 - TITLE STATEMENT
Title Smaple size for estimation of girth in immature rubber holdings
260 ## - PUBLICATION, DISTRIBUTION, ETC. (IMPRINT)
Name of publisher Journal of the National Institute of Plantation Management
Year of publication 2001
300 ## - PHYSICAL DESCRIPTION
Number of Pages 60-67
520 ## - SUMMARY, ETC.
Summary, etc Determination of the sample size for accurate estimation of girth records is a basic necessity in sampling plans. This study was focused on the above objective and analyses were carried out using secondary data on girth, obtained from immature rubber holdings covering seven rubber growing districts. The coefficients of variation (CV) gor girth were calculated for each rubber holding and averaged accordingly, to study the change in CV (i) with age (ii) in different districts (iii) with the varying extents (iv) with the type of clone (v) with the type of planting material, and (vi) with the stand per ha. in a rubber holding. Subsequently, a sampling guide is proposed based on the average CV for varying conditions and the accuracy needed on the estimation of girth.
650 ## - SUBJECT ADDED ENTRY--TOPICAL TERM
Topical Term Girth
650 ## - SUBJECT ADDED ENTRY--TOPICAL TERM
Topical Term Immature rubber
700 ## - ADDED ENTRY--PERSONAL NAME
Personal name Abeywardene V
700 ## - ADDED ENTRY--PERSONAL NAME
Personal name Dissanayake D M A P
700 ## - ADDED ENTRY--PERSONAL NAME
Personal name Puhambugoda R
700 ## - ADDED ENTRY--PERSONAL NAME
Personal name Yoharatnam N
856 ## - ELECTRONIC LOCATION AND ACCESS
Uniform Resource Identifier Reprint
942 ## - ADDED ENTRY ELEMENTS (KOHA)
Koha item type Journals
Holdings
Withdrawn status Lost status Damaged status Not for loan Home library Current library Shelving location Date acquired Serial Enumeration / chronology Koha item type
      Journals RRII Library RRII Library Botany 17/12/2021 Volume 17, Issue 1 Journals